Participantes do BBB 2007 - Statistics

Estatísticas Gerais
  • Esse quiz foi jogado 13 vezes
  • A pontuação média é 11 de 16
Estatísticas das Respostas
Hint Resposta % Correto
12º eliminado(a)[pela 2ª vez] Airton
100%
1º eliminado(a)[pela 1ª vez] Airton
100%
Vencedor(a) Diego Alemão
100%
10º eliminado(a) Fani
100%
8º eliminado(a) Iris
100%
11º eliminado(a) Alberto
75%
5º eliminado(a) Felipe
75%
13º eliminado(a) Analy
67%
9º eliminado(a) Flávia
67%
2º eliminado(a) Juliana
58%
14º eliminado(a) Bruna
50%
2º Lugar Carollini
50%
7º eliminado(a) Bruno
42%
4º eliminado(a) Alan Pierre
25%
6º eliminado(a) Fernando Luiz
25%
3º eliminado(a) Liane
17%
Nenhum quiz correspondente encontrado
Distribuição das Pontuações
Porcentagem de Pessoas com Cada Pontuação
Percentil de Números Respondidos
Sua Pontuação Histórica
Você não jogou esse quiz